000 00404 a2200157 4500
999 _c4020
_d4020
020 _a0908311788
050 0 0 _aPR 9390 VER
100 1 _aVera, Yvonne.
245 1 0 _aWithout a name /
_cYvonne Vera.
264 _aHarare:
_bBaobab Books,
_c1994
300 _a104 p. :
_bill. ;
500 _anovel
650 _aFiction
942 _2lcc
_cBK
_h9390
_iVER
_kPR